<?xml version="1.0" encoding="UTF-8"?>
<collection xmlns="http://www.loc.gov/MARC21/slim">
 <record>
  <leader>01043nam a2200205 a 4500</leader>
  <controlfield tag="001">TVCDKTCT12814</controlfield>
  <controlfield tag="003">Thư viện trường Cao đẳng Kỹ thuật Cao Thắng</controlfield>
  <controlfield tag="005">20110405000000</controlfield>
  <controlfield tag="008">110405</controlfield>
  <datafield tag="980" ind1="\" ind2="\">
   <subfield code="a">Thư viện Trường CĐ Kỹ Thuật Cao Thắng</subfield>
  </datafield>
  <datafield tag="024" ind1=" " ind2=" ">
   <subfield code="a">RG_1 #1 eb0 i1</subfield>
  </datafield>
  <datafield tag="020" ind1="#" ind2="#">
   <subfield code="a">978-0470067734</subfield>
  </datafield>
  <datafield tag="041" ind1="0" ind2="#">
   <subfield code="a">vie</subfield>
  </datafield>
  <datafield tag="082" ind1="#" ind2="#">
   <subfield code="a">332.645 / </subfield>
   <subfield code="b">H200D-b</subfield>
  </datafield>
  <datafield tag="100" ind1="1" ind2="#">
   <subfield code="a">Biggs Barton</subfield>
  </datafield>
  <datafield tag="245" ind1="0" ind2="0">
   <subfield code="a">Hedge Hogging /</subfield>
   <subfield code="c">Biggs Barton</subfield>
  </datafield>
  <datafield tag="260" ind1="#" ind2="#">
   <subfield code="a">New Jersey :</subfield>
   <subfield code="b">John Wiley &amp; Sons ,</subfield>
   <subfield code="c">2006</subfield>
  </datafield>
  <datafield tag="300" ind1="#" ind2="#">
   <subfield code="a">303tr. ;</subfield>
   <subfield code="c">22</subfield>
  </datafield>
  <datafield tag="520" ind1="#" ind2="#">
   <subfield code="a">Rare is the opportunity to chat with a legendary financial figure and hear the unvarnished truth about what really goes on behind the scenes. Hedgehogging represents just such an opportunity, allowing you to step inside the world of Wall Street with Barton Biggs as he discusses investing in general, hedge funds in particular, and how he has learned to find and profit from the best moneymaking opportunities in an eat-what-you-kill, cutthroat investment world.</subfield>
  </datafield>
  <datafield tag="650" ind1="#" ind2="4">
   <subfield code="a">Hedge Funs</subfield>
  </datafield>
 </record>
</collection>
